| 000 | 05313nam0a22008411 4500 | ||
|---|---|---|---|
| 001 | RU\NLR\A1\10254 | ||
| 005 | 20260407102337.0 | ||
| 035 | _a(NLR Aleph) 009673693 | ||
| 090 |
_a9673314 _c9673314 |
||
| 100 | _a19970904d1780 m y0rusy50 ca | ||
| 101 | 0 | _arus | |
| 102 | _aRU | ||
| 135 | _acrcn 024anaba | ||
| 140 | _af a cda yyyaa0000 | ||
| 200 | 1 |
_aКнига Устав морской, _eо всем что касается доброму управлению, в бытности флота на море. _fНапечатася повелением царскаго величества |
|
| 205 | _aШестым тиснением | ||
| 210 |
_aВ Санктпетербурге. _cпри Императорской Академии наук _d1780 |
||
| 215 |
_a1-18, 1-185, [1] с., 187-194 л., 195-248, 1-32 с., 2 л. ил. _d4° |
||
| 300 | _a1200 экз. напеч. на счет Академии наук, а 2400 экз. - на счет Сената | ||
| 300 | _aТираж 3600 экз. | ||
| 300 | _aИмеются ошибки в паг. | ||
| 314 | _aИл. гравированы Федором Ивановым и напеч. в тип. Мор. кадет. корпуса. | ||
| 316 |
_aЭкз. СОКМ деф.: отсутствуют с.23-32 и 2 л. ил. _5СОКМ |
||
| 316 |
_aЭкз. РНБ (140/592) в картон. коричневом марморир. цельнокожаном пер. На нижней крышке пер. экслибрис рус. фонда РНБ с шифром. Корешок с блинтовым тиснением и крас. кожаной наклейкой. На наклейке вытиснено загл.: "Устав морской". На корешке поверх старого ярлыка-марки приклеен новый ярлык-марка с обозначением: "А 947". Обрез тонир., крас. На форзаце ярлык с шифром РНБ и ярлык-марка со старым шифром. На нахзаце техн. штамп. На обороте тит. л., с.33 и на оборотах 2-х л. ил. круглый штамп ГПБ. Потеки по всему кн. блоку. Размер: 26,0х20,5х3,8 см. _5NLR: 140/592 |
||
| 316 |
_aЭкз. РНБ (18.71.2.10) в картон. коричневом марморир. цельнокожаном пер. На нижней крышке пер. экслибрис рус. фонда РНБ с шифром. Корешок гладкий, с тиснением золотом. На корешке крас. кожаная наклейка, на которой золотом вытиснено загл.: "Устав морской". Обрез тонир., желтый. Форзац и нахзац из мрамор. бумаги. На форзаце ярлык с шифром РНБ. На листе, вплетен. при пер. работах после форзаца рукоп. номер: "№.57". На тит. л., с.33, с.32 5-й паг. круглый штамп ГПБ. _5NLR: 18.71.2.10140/592 |
||
| 317 |
_aЭкз. НГОНБ из кол. Колывано-Воскрес. з-дов _5НГОНБ |
||
| 321 | 1 | _aСК XVIII 2972 | |
| 325 | _aКопия доступна в Электрон. б-ке РНБ | ||
| 517 | 1 | _aУстав морской | |
| 620 | _dСанкт-Петербург | ||
| 702 | 1 |
_4350 _7ca _8rus _aИванов _bФ. _cгравер _f18 в. _gФедор _9243020 _3RU\NLR\AUTH\770243076 |
|
| 712 | 0 | 2 |
_4610 _aАкадемическая типография _cПетербург _9303965 _3RU\NLR\AUTH\8815379 |
| 712 | 0 | 2 |
_4610 _aМорской кадетский корпус _bТипография _cПетербург _9355962 _3RU\NLR\AUTH\889930200 |
| 801 | 0 |
_aRU _bNLR _c19970904 |
|
| 852 |
_aNLR _j18.71.2.10 |
||
| 852 |
_aNLR _j140/592 |
||
| 856 | 0 | _uhttps://vivaldi.nlr.ru/bx000019324/view | |
| 856 | 1 | _uhttps://vivaldi.nlr.ru/bx000019324/cover | |
| 856 | 2 | _uhttps://vivaldi.nlr.ru/bx000019324/text | |
| 899 | _aРГБ | ||
| 899 |
_aГАСарО _y2 экз. |
||
| 899 | _aИОГУНБ | ||
| 899 | _aКИАХМ | ||
| 899 | _aБАН | ||
| 899 | _aКОКМ | ||
| 899 | _aМГУ | ||
| 899 | _aГАТО | ||
| 899 | _aКостОУНБ | ||
| 899 | _aГАКО | ||
| 899 | _aГАКостО | ||
| 899 | _aГПИБ | ||
| 899 |
_aЗНБ СГУ _y2 экз. |
||
| 899 | _aНСБ ЦГАЧР | ||
| 899 |
_aУОНБ _y3 экз. |
||
| 899 | _aСарОУНБ | ||
| 899 | _aРГГУ | ||
| 899 | _aПГОКМ | ||
| 899 | _aСОКМ | ||
| 899 | _aИГКМ | ||
| 899 | _aНГОНБ | ||
| 899 |
_aНБЛ КГУ _y2 экз. |
||
| 942 | _cBOOK | ||
| 980 | _aNB | ||
| 980 | 3 | _akpcivil2020 | |
| 980 | 3 | _akp2020 | |
| 980 | 3 | _akp | |
| 980 | _aA1XVIIIv | ||
| 981 | 2 | 2 |
_a(22) Материалы по истории России _b(22) Органы управления |
| 981 | 2 | 0 |
_a(20) Книжные памятники РНБ _b(20) Русский книжный фонд |